Normal view
MARC view
- Byars, Edward Ford,
Entry Personal Name
001 - CONTROL NUMBER
- control field: 118003
003 - CONTROL NUMBER IDENTIFIER
- control field: NUST
005 - DATE AND TIME OF LATEST TRANSACTION
- control field: 20230918100702.0
008 - FIXED-LENGTH DATA ELEMENTS
- fixed length control field: 230918|| aca||aabn | a|a d
040 ## - CATALOGING SOURCE
- Original cataloging agency: NUST
- Transcribing agency: NUST
100 ## - HEADING--PERSONAL NAME
- Personal name: Byars, Edward Ford,
- Dates associated with a name: 1925-
670 ## - SOURCE DATA FOUND
- Source citation: Work cat.: (NUST)182966: Snyder, Robert D. 118002, Engineering mechanics: statics and strength of materials / , [1973]
